Chuck Norris Movies - Sudden Death - Statistics

General Stats
  • This quiz has been taken 55 times
  • The average score is 5 of 13
Answers on the Grid
Answers color-coded by a green-red scale on the quiz's grid according to % correct below.
Missing in Action
Rocky Balboa
Under Siege
Pink Cadillac
Tango & Cash
Con Air
The Expendables 3
G.I. Jane
The President's Man
The Way of the Dragon
Universal Soldier
Missing in Action 2: The Beginning
Unleashed
The Expendables 2
Kickboxer
The Delta Force
Firewalker
Terminator 3: The Last Stand
Breaker Breaker!
Zombie Plane
Silent Rage
Over the Top
Lone Wolf McQuade
Invasion U.S.A.
Dodgeball: A True Underdog Story
True Lies
Witness
The Expendables
Lethal Weapon 5
Assassins
 
Answer Stats
Answer % Correct
Missing in Action
89%
Lone Wolf McQuade
53%
The Way of the Dragon
53%
The Delta Force
47%
The Expendables 2
47%
Invasion U.S.A.
37%
Missing in Action 2: The Beginning
37%
Dodgeball: A True Underdog Story
32%
Firewalker
32%
Silent Rage
26%
The President's Man
26%
Breaker Breaker!
21%
Zombie Plane
21%
No matching quizzes found
Score Distribution
Percent of People with Each Score
Percentile by Number Answered
Your Score History
You have not taken this quiz